000 00762nam a2200265 4500
003 OSt
005 20260601171007.0
008 260507b1974\\\\|||\||||\||||\00|\0\spa\d
040 _aICI
_bspa
_cICI
050 _aHB175
_bV418
100 1 _aVeblen, Thorstein
_932445
245 1 _aTeoria de la Clase Ociosa
264 _bFondo de Cultura Económica
_c1974
_aMéxico
300 _a406 páginas
336 _atexto
_2rdacontent
337 _asin medio
_2rdamedia
338 _avolumen
_2rdacarrier
650 _aConsumo (Economía)
650 _aClases sociales
_927611
650 _aSociología económica
_932447
650 _aEconomía institucional
_932448
650 _aConducta del consumidor
_932449
650 _aCultura material
942 _2lcc
_cB
_n1
999 _c20323
_d20323